[Event "GRE-chT 43rd"]
[Site "Porto Rio"]
[Date "2015.10.10"]
[Round "5.13"]
[White "Kalogridakis, Theodoros"]
[Black "Vourlis Kolettis, Ahilleas"]
[Result "1-0"]
[WhiteElo "1800"]
[BlackElo "1311"]
[PlyCount "59"]
[EventDate "2015.10.08"]
[EventType "team-swiss"]
[EventRounds "7"]
[EventCountry "GRE"]
[SourceTitle "CBM 168 Extra"]
[Source "ChessBase"]
[SourceDate "2015.10.29"]
[SourceVersion "1"]
[SourceVersionDate "2015.10.29"]
[SourceQuality "1"]
[WhiteTeam "New Filadelfeias"]
[BlackTeam "Thinalios"]
[WhiteTeamCountry "GRE"]
[BlackTeamCountry "GRE"]

1. e4 d5 2. exd5 Qxd5 3. Nf3 Bf5 4. Be2 Nd7 5. Nc3 Qa5 6. d3 Ngf6 7. 0-0 e6 8. Be3 c6 9. a3 Be7 10. Qd2 Bd6 11. h3 h6 12. b4 Qc7 13. Rfb1 Rd8 14. b5 c5 15. a4 Ne5 16. Qe1 c4 17. b6 Qc8 18. d4 Nxf3+ 19. Bxf3 a6 20. Qe2 0-0 21. a5 Bb8 22. Ra4 Nd5 23. Nd1 Qd7 24. Rxc4 Rc8 25. Rxc8 Rxc8 26. Rc1 Qa4 27. c4 Nb4 28. Bxb7 Nd3 29. Bxc8 Nxc1 30. Bxc1 1-0

[Event "GRE-chT 43rd"]
[Site "Porto Rio"]
[Date "2015.10.10"]
[Round "4.12"]
[White "Litsas, Panagiotis"]
[Black "Vourlis Kolettis, Ahilleas"]
[Result "1-0"]
[WhiteElo "1757"]
[BlackElo "1311"]
[PlyCount "33"]
[EventDate "2015.10.08"]
[EventType "team-swiss"]
[EventRounds "7"]
[EventCountry "GRE"]
[SourceTitle "CBM 168 Extra"]
[Source "ChessBase"]
[SourceDate "2015.10.29"]
[SourceVersion "1"]
[SourceVersionDate "2015.10.29"]
[SourceQuality "1"]
[WhiteTeam "Elefsinas STM"]
[BlackTeam "Thinalios"]
[WhiteTeamCountry "GRE"]
[BlackTeamCountry "GRE"]

1. e4 d5 2. exd5 Qxd5 3. Nc3 Qa5 4. d4 Nf6 5. Nf3 Bf5 6. Ne5 c6 7. Bc4 e6 8. g4 Be4 9. 0-0 Be7 10. Nxe4 Nxe4 11. Re1 Nxf2 12. Qe2 Bh4 13. Nxf7 Qxe1+ 14. Qxe1 Nh3+ 15. Kg2 Bxe1 16. Nxh8 Ke7 17. Kxh3 1-0

[Event "GRE-chT 43rd"]
[Site "Porto Rio"]
[Date "2015.10.08"]
[Round "2.15"]
[White "Vourlis Kolettis, Ahilleas"]
[Black "Kontis, Michail"]
[Result "0-1"]
[WhiteElo "1311"]
[BlackElo "1793"]
[PlyCount "54"]
[EventDate "2015.10.08"]
[EventType "team-swiss"]
[EventRounds "7"]
[EventCountry "GRE"]
[SourceTitle "CBM 168 Extra"]
[Source "ChessBase"]
[SourceDate "2015.10.29"]
[SourceVersion "1"]
[SourceVersionDate "2015.10.29"]
[SourceQuality "1"]
[WhiteTeam "Thinalios"]
[BlackTeam "Ikarias Tzelepis"]
[WhiteTeamCountry "GRE"]
[BlackTeamCountry "GRE"]

1. d4 g6 2. c4 Bg7 3. Nc3 c5 4. Nf3 cxd4 5. Nxd4 Nc6 6. e3 Nf6 7. g3 0-0 8. Bg2 Qb6 9. Nde2 d6 10. 0-0 Be6 11. b3 Rab8 12. Bb2 Bxc4 13. bxc4 Qxb2 14. Qa4 Qb6 15. Rab1 Qc7 16. Nd5 Nxd5 17. cxd5 Qa5 18. Qe4 Ne5 19. Nc1 Rfc8 20. Rd1 Rc4 21. Rd4 Qe1+ 22. Bf1 Rxc1 23. Rxc1 Qxc1 24. Ra4 Qd1 25. Kg2 f5 26. Qb4 Qxd5+ 27. Kh3 g5 0-1

[Event "Nikaia op 23rd"]
[Site "Nikaia"]
[Date "2015.09.03"]
[Round "8"]
[White "Vourlis Kolettis, Ahilleas"]
[Black "Stratis, Nikiforos"]
[Result "1-0"]
[WhiteElo "1273"]
[BlackElo "1175"]
[PlyCount "63"]
[EventDate "2015.08.26"]
[EventType "swiss"]
[EventRounds "9"]
[EventCountry "GRE"]
[SourceTitle "EXT 2016"]
[Source "ChessBase"]
[SourceDate "2015.10.08"]
[SourceVersion "1"]
[SourceVersionDate "2015.10.08"]
[SourceQuality "1"]

1. d4 d5 2. c4 e6 3. Nc3 Nf6 4. a3 c5 5. Bf4 Nc6 6. Nb5 Qa5+ 7. Qd2 Qxd2+ 8. Kxd2 Kd7 9. Nc7 Nh5 10. Nxa8 Nxf4 11. e3 Nh5 12. cxd5 exd5 13. dxc5 Bxc5 14. Rc1 b6 15. b4 Bd6 16. Bb5 Bb7 17. Nxb6+ axb6 18. Ne2 Be5 19. Rc2 Rc8 20. f4 Bf6 21. g4 Nxf4 22. exf4 Kd6 23. g5 Be7 24. Bxc6 Rxc6 25. Rxc6+ Bxc6 26. Nd4 Bd7 27. Re1 Bd8 28. Nf3 f6 29. h4 g6 30. Nd4 Be7 31. Nf3 Be8 32. gxf6 1-0